Memoria del seminario-taller Prácticas Agrícolas Tradicionales: un medio alternativo para el desarrollo rural centroamericano
Gardado en:
| Outros autores: | , |
|---|---|
| Formato: | Desconocido |
| Idioma: | Spanish |
| Publicado: |
San José, Costa Rica
Universidad de Costa Rica
1992
|
| Materias: | |
| Etiquetas: |
Engadir etiqueta
Sen Etiquetas, Sexa o primeiro en etiquetar este rexistro!
|
MARC
| LEADER | 000000000a22000000004500 | ||
|---|---|---|---|
| 001 | 000163 | ||
| 007 | ta | ||
| 008 | 140429s1992 cr ac||f ||||a100 0 spa d | ||
| 020 | |a 9977150478 | ||
| 041 | 0 | |a español | |
| 082 | |a 630.208 M533m | ||
| 245 | 1 | 0 | |a Memoria del seminario-taller Prácticas Agrícolas Tradicionales: un medio alternativo para el desarrollo rural centroamericano |c compilación y edición Margarita Bolaños Arquín, Mauren Sánchez Pereira |
| 260 | |a San José, Costa Rica |b Universidad de Costa Rica |c 1992 | ||
| 300 | |a 77 páginas |b ilustraciones, mapas | ||
| 500 | |a Número de inscripción 05684 | ||
| 505 | |r Maureen Sánchez Pereira |t Las sociedades antiguas en Costa Rica y la explotación de los recursos / | ||
| 505 | |r Ernesto Vargas Pacheco |t La agricultura de los mayas: una alternativa de subsistencia / | ||
| 505 | |r Margarita Bolaños Arquín |t Las plantas nativas en el desarrollo rural costarricense / | ||
| 505 | |r Rodrigo Arias, Fernelly Arias, Mario Elizondo y Wilbert Jiménez |t El arte de producir dulce en los pueblos de Acosta / | ||
| 650 | 4 | |a AGRICULTURA | |
| 650 | 4 | |a DESARROLLO RURAL | |
| 650 | 4 | |a DESARROLLO SOSTENIBLE | |
| 700 | 1 | 2 | |a Bolaños Arquín, Margarita |j editora |
| 700 | 1 | 2 | |a Sánchez Pereira, Maureen |j editora |
| 942 | |2 ddc |c BK | ||
| 999 | |c 997 |d 997 | ||



